Schaum's Outline of Theory and Problems of Feedback and Control Systems / (Record no. 112)
[ view plain ]
| 000 -LEADER | |
|---|---|
| fixed length control field | 00995nac a22002651u 4500 |
| 008 - FIXED-LENGTH DATA ELEMENTS--GENERAL INFORMATION | |
| fixed length control field | 100914t2003 ii |||||r|||| 00| 0 eng d |
| 010 ## - LIBRARY OF CONGRESS CONTROL NUMBER | |
| LC control number | 96224787 |
| 020 ## - INTERNATIONAL STANDARD BOOK NUMBER | |
| International Standard Book Number | 0070170479 |
| 082 00 - DEWEY DECIMAL CLASSIFICATION NUMBER | |
| Classification number | 629.83 |
| Item number | DIS |
| Edition number | 22 |
| 100 ## - MAIN ENTRY--PERSONAL NAME | |
| Personal name | DiStefano, Joseph J. |
| 9 (RLIN) | 19125 |
| 245 10 - TITLE STATEMENT | |
| Title | Schaum's Outline of Theory and Problems of Feedback and Control Systems / |
| Statement of responsibility, etc | Joseph J. DiStefano, Allen R. Stubberud, Ivan J. Williams |
| 246 18 - VARYING FORM OF TITLE | |
| Title proper/short title | Schaum's feedback and control systems |
| 246 18 - VARYING FORM OF TITLE | |
| Title proper/short title | Theory and problems of feedback and control systems |
| 246 18 - VARYING FORM OF TITLE | |
| Title proper/short title | Feedback and control systems |
| 250 ## - EDITION STATEMENT | |
| Edition statement | 2nd ed. |
| 260 ## - PUBLICATION, DISTRIBUTION, ETC. (IMPRINT) | |
| Place of publication, distribution, etc | New Delhi : |
| Name of publisher, distributor, etc | Tata McGraw-Hill, |
| Date of publication, distribution, etc | 2003. |
| 300 ## - PHYSICAL DESCRIPTION | |
| Extent | 512 p. : |
| Other physical details | ill. ; |
| Dimensions | 28 cm. |
| 490 0# - Series Statement | |
| Series statement | Schaum's outline series |
| -- | 19126 |
| 500 ## - GENERAL NOTE | |
| General note | "Continuous (analog) and discrete (digital)." |
| 650 #0 - SUBJECT ADDED ENTRY--TOPICAL TERM | |
| Topical term or geographic name as entry element | Feedback control systems. |
| 9 (RLIN) | 19127 |
| 650 #0 - SUBJECT ADDED ENTRY--TOPICAL TERM | |
| Topical term or geographic name as entry element | Control theory. |
| 9 (RLIN) | 19128 |
| 700 1# - ADDED ENTRY--PERSONAL NAME | |
| Personal name | Stubberud, Allen R. |
| 9 (RLIN) | 19129 |
| 700 1# - ADDED ENTRY--PERSONAL NAME | |
| Personal name | Williams, Ivan J. |
| 9 (RLIN) | 19130 |
| 942 ## - ADDED ENTRY ELEMENTS (KOHA) | |
| Item type | Book - Borrowing |
| Call number prefix | 629.83DIS |
| Source of classification or shelving scheme | Dewey Decimal Classification |
| Withdrawn status | Item status | Source of classification or shelving scheme | Damaged status | Not for loan | Vendor | Home library | Current library | Shelving location | Date acquired | Source of acquisition | Total Checkouts | Total Renewals | Full call number | Barcode | Date last seen | Date last borrowed | Cost, replacement price | Koha item type |
|---|---|---|---|---|---|---|---|---|---|---|---|---|---|---|---|---|---|---|
| Dewey Decimal Classification | Central Library | Central Library | First floor | 14/09/2010 | 1 | 1 | 629.83 DIS | 000004657 | 15/07/2025 | 27/03/2011 | 120.00 | Book - Borrowing | ||||||
| Dewey Decimal Classification | Central Library | Central Library | First floor | 14/09/2010 | 2 | 7 | 629.83 DIS | 000004656 | 15/07/2025 | 14/03/2016 | 120.00 | Book - Borrowing | ||||||
| Dewey Decimal Classification | Central Library | Central Library | First floor | 14/09/2010 | 2 | 21 | 629.83 DIS | 000004631 | 15/07/2025 | 10/02/2018 | 120.00 | Book - Borrowing |